00708nam a22002057a 450000500170000000800410001702000180005802000180007604000590009404100080015310000250016124500690018626000610025530000240031649000320034050400530037265000220042565000280044765000270047520161116123447.0131202s2011 xxu frn 001 0 eng c a9780199759453 a9780199759460 aCO-BoUCMcJose A. Gerena (modificó)dDiana Londoño00aeng1 aFerguson, Charles D.10aNuclear energy what everyone needs to knowcCharles D. Ferguson aNew York (Estados Unidos)bOxford University pressc2011 axvii, 222 páginas0 aWhat Everyone Needs to Know aIncluye referencias bibliográficas e índices 7aEnergía nuclear 7aPolítica energética 7aRecursos energéticos